Library of the University of Algiers 3
Ibrahim Sultan Cheibout
شعار جامعة الجزائر 3
مكتبة جامعة الجزائر 3
إبراهيم سلطان شيبوط

الإقتصاد والمال في التشريع الإسلامي والنظم الوضعية : (رقم التسجيلة. 42975)

تفاصيل مارك
000 -LEADER
fixed length control field 01426nam a2200205Ia 4500
003 - CONTROL NUMBER IDENTIFIER
control field Ost
005 - DATE AND TIME OF LATEST TRANSACTION
control field 20260507075114.0
008 - FIXED-LENGTH DATA ELEMENTS--GENERAL INFORMATION
fixed length control field 260507s9999||||xx |||||||||||||| ||und||
040 ## - CATALOGING SOURCE
Transcribing agency fsecg
041 ## - LANGUAGE CODE
Language code of text/sound track or separate title ara
082 ## - DEWEY DECIMAL CLASSIFICATION NUMBER
Classification number 330
100 ## - MAIN ENTRY--PERSONAL NAME
Personal name عطوي، فوزي
Relator term مؤلف
245 #0 - TITLE STATEMENT
Title الإقتصاد والمال في التشريع الإسلامي والنظم الوضعية :
Remainder of title بحوث وأحاديث ودراسات مقارنة /
Statement of responsibility, etc. فوزي عطوي
260 ## - PUBLICATION, DISTRIBUTION, ETC.
Place of publication, distribution, etc. بيروت:
Name of publisher, distributor, etc. دار الفكر العربي,
Date of publication, distribution, etc. 1988
300 ## - PHYSICAL DESCRIPTION
Extent 157 صفحة؛
Dimensions 24 سم
504 ## - BIBLIOGRAPHY, ETC. NOTE
Bibliography, etc. note ببليوغرافيا:ص.151-156
520 ## - SUMMARY, ETC.
Summary, etc. المشكلة الاقتصادية وفكرة المسؤولية،البحوث الإسلامية في اللغات الأجنبية،الجوانب الاقتصادية للزكاة،الانصاف في النظام المالي الإسلامي،الموارد المالية قبل الإسلام،الموارد المالية في الإسلام،المقارنة بين ضرائب الإسلام والأديان الأخرى،الوقف والميراث والوصية في الإسلام،الربا والفائدة والنظام المصرفي،الإسلام ومعالجة الفقر،النقود في الآثار الإسلامية والعربية،تطور النقود العربية والإسلامية
653 ## - INDEX TERM--UNCONTROLLED
Uncontrolled term الاقتصاد الاسلامي
942 ## - ADDED ENTRY ELEMENTS (KOHA)
Koha item type كتب
المقتنيات
Withdrawn status Lost status Source of classification or shelving scheme Damaged status Not for loan Home library Current library Date acquired Serial enumeration / chronology Inventory number Total checkouts Full call number Barcode Date last seen Price effective from Koha item type
    Dewey Decimal Classification   NOT LOAN / إعارة داخلية مكتبة كلية العلوم الإقتصادية والعلوم التجارية وعلوم التسيير مكتبة كلية العلوم الإقتصادية والعلوم التجارية وعلوم التسيير 07/05/2026 الطابق الأرضي 1/1586   أ/1586ن1 1/1586 07/05/2026 07/05/2026 كتب

موارد الويب المفتوحة


© University of Algiers 3 All Rights Reserved
|
Implemented by LECHELAH Riad